Homenaje a la tierra/ (Record no. 4496)

MARC details
000 -LEADER
campo de control de longitud fija 01212nam a2200241 4500
003 - IDENTIFICADOR DE NÚMERO DE CONTROL
campo de control OSt
005 - FECHA Y HORA DE LA ÚLTIMA TRANSACCIÓN
campo de control 20231101081211.0
008 - DATOS DE LONGITUD FIJA--INFORMACIÓN GENERAL
campo de control de longitud fija 231101b |||||||| |||| 00| 0 eng d
040 ## - FUENTE DE CATALOGACIÓN
Centro/agencia transcriptor LadoV
082 ## - NÚMERO DE LA CLASIFICACIÓN DECIMAL DEWEY
Número de clasificación 700
Número de ítem E74h
110 ## - ENTRADA PRINCIPAL--NOMBRE DE ENTIDAD CORPORATIVA
Nombre de entidad corporativa o nombre de jurisdicción como elemento de entrada Grupo Escombros
9 (RLIN) 1165
Término indicativo de función/relación autor
245 ## - MENCIÓN DEL TÍTULO
Título Homenaje a la tierra/
260 ## - PUBLICACIÓN, DISTRIBUCIÓN, ETC.
Lugar de publicación, distribución, etc. La Plata
Nombre del editor, distribuidor, etc. Centro Cultural Islas Maldivas
Fecha de publicación, distribución, etc. 1995
300 ## - DESCRIPCIÓN FÍSICA
Otras características físicas compilado de varias obras y materiales
505 ## - NOTA DE CONTENIDO CON FORMATO
Título Créditos
-- El porqué de Mesótica
Mención de responsabilidad Virginia Pérez-Ratton
Título Problemas abstractos
Mención de responsabilidad Carlos Basualdo
Título Ernesto Ballesteros
-- Sigfredo Chacón
-- Antonio Dias
-- Lydia Dona
-- Danilo Dueñas
-- Eugenio Espinoza
-- Cristina Ghetti
-- Peter Halley
-- Jonathan Lasker
-- Fabian Marcaccio
-- David Reed
-- Miguel Angel Rios
-- Carlos Salas
-- Daniel Scheimberg
-- Pablo Siquier
-- Datos biográficos
-- Obras expuestas
-- Indice
650 ## - PUNTO DE ACCESO ADICIONAL DE MATERIA--TÉRMINO DE MATERIA
Fuente del encabezamiento o término Tesauro de Arte & Arquitectura
Término de materia o nombre geográfico como elemento de entrada ARTE
650 ## - PUNTO DE ACCESO ADICIONAL DE MATERIA--TÉRMINO DE MATERIA
Fuente del encabezamiento o término Tesauro de Arte & Arquitectura
Término de materia o nombre geográfico como elemento de entrada COMPILADO
650 ## - PUNTO DE ACCESO ADICIONAL DE MATERIA--TÉRMINO DE MATERIA
Fuente del encabezamiento o término Tesauro de Arte & Arquitectura
Término de materia o nombre geográfico como elemento de entrada LITERATURA
650 ## - PUNTO DE ACCESO ADICIONAL DE MATERIA--TÉRMINO DE MATERIA
Fuente del encabezamiento o término Tesauro de Arte & Arquitectura
Término de materia o nombre geográfico como elemento de entrada SOCIAL
650 ## - PUNTO DE ACCESO ADICIONAL DE MATERIA--TÉRMINO DE MATERIA
Fuente del encabezamiento o término Tesauro de Arte & Arquitectura
Término de materia o nombre geográfico como elemento de entrada SOLIDARIDAD
700 ## - ENTRADA AGREGADA--NOMBRE PERSONAL
Nombre de persona Basualdo, Carlos
9 (RLIN) 5785
942 ## - ELEMENTOS DE ENTRADA SECUNDARIOS (KOHA)
Fuente del sistema de clasificación o colocación Clasificación Decimal Dewey
Tipo de ítem Koha Libros
Parte de la signatura que corresponde a la clasificación (Parte de la clasificación) 700
Parte de la signatura que identifica el ejemplar (Parte del ítem) E74h
Suprimir en OPAC
Holdings
Estatus retirado Estado de pérdida Fuente del sistema de clasificación o colocación Especificación de materiales (volumen encuadernado u otra parte) Estado de daño No para préstamo Colección Biblioteca de origen Biblioteca actual Fecha de adquisición Número de inventario Total de préstamos Signatura topográfica completa Código de barras Visto por última vez Precio de reemplazo Tipo de ítem Koha
    Clasificación Decimal Dewey 1995     Libros Biblioteca LadoV Biblioteca LadoV 01/11/2023 005200   700 E74h 005200 01/11/2023 01/11/2023 Libros
    Clasificación Decimal Dewey 1995     Libros Biblioteca LadoV Biblioteca LadoV 01/11/2023 005201   700 E74h 005201 01/11/2023 01/11/2023 Libros